LEADER 00902nam0-22002891i-450- 001 990001829310403321 005 20021010 035 $a000182931 035 $aFED01000182931 035 $a(Aleph)000182931FED01 035 $a000182931 100 $a20021010d--------km-y0itay50------ba 101 0 $aita 200 1 $aRegolamento interno dell' Ufficio d' Igiene e di Sanita pubblica$enorme per la esecuzione dei servizi da essodipendenti$fComune di Napoli. 210 $aNapoli$cStab. Tipo-Stereotipo Morano$d1903. 215 $a35 p.$d22 cm 610 0 $aIgiene pubblica 676 $a363.72 710 02$aNapoli$0374308 801 0$aIT$bUNINA$gRICA$2UNIMARC 901 $aBK 912 $a990001829310403321 952 $a60 DONO COMES 28/28$b38562$fFAGBC 959 $aFAGBC 996 $aRegolamento interno dell' Ufficio d' Igiene e di Sanita pubblica$9411731 997 $aUNINA DB $aING01 LEADER 01727nam 22005053 450 001 9910132004203321 005 20160621164950.0 010 $a88-87048-88-6 035 $a(CKB)3400000000018850 035 $a(ItFiC)it 05050634 035 $a(SSID)ssj0000595651 035 $a(PQKBManifestationID)11375733 035 $a(PQKBTitleCode)TC0000595651 035 $a(PQKBWorkID)10555196 035 $a(PQKB)11607103 035 $a(WaSeSS)Ind00000338 035 $a(EXLCZ)993400000000018850 100 $a20110314d2005 uy 0 101 0 $aita 135 $aur||||||||||| 181 $ctxt 182 $cc 183 $acr 200 10$aAforismi e autoschediasmi$b[electronic resource] $eriflessioni sparse su cultura e politica degli ultimi cinquant'anni (1958-2004) /$fAntonio La Penna ; presentazione di Massimo Mugnai 210 $aFirenze $cSocieta? editrice fiorentina$d2005 215 $axix, 300 p 225 1 $aBiblioteca di letteratura ;$v5 225 0$aBiblioteca di letteratura ;$v5 300 $aCollected writings and aphorisms, mostly already publ. 300 $aContains appendices (pp. 283-294) and name index. 320 $aContains appendices (pp. 283-294) and name index. 327 $uhttp://www.ilibri.casalini.it/toc/05050634.pdf$3TOC 410 0$aBiblioteca di letteratura$v5 606 $aLanguages & Literatures$2HILCC 606 $aLiterature - General$2HILCC 615 7$aLanguages & Literatures 615 7$aLiterature - General 676 $a306 700 $aLa Penna$b Antonio$f1925-$0154277 801 0$bItFiC 801 1$bItFiC 906 $aBOOK 912 $a9910132004203321 996 $aAforismi e autoschediasmi$92431991 997 $aUNINA LEADER 01253nam0 22003011i 450 001 UON00253151 005 20231205103638.198 100 $a20040506d1967 |0itac50 ba 101 $apor 102 $aPT 105 $a||||0 ||||| 200 1 $aˆA ‰carta de Pero Vaz de Caminha$fJaime Cortesao 205 $aLisboa : Portugalia Editora$bstampa 1967 210 $a379 p.$a21 cm 215 $aContiene il fac-simile e la trascrizione della "Carta" 410 1$1001UON00253145$12001 $aObras completas de Jaime Cortesao. Ensaio e crítica literaria$1210 $aLisboa$cPortugalia Editora$v2 606 $aCAMINHA PERO VAZ DE CARTA$3UONC054054$2FI 606 $aCAMINHA PERO VAZ DE$xBiografia$3UONC054056$2FI 620 $aPT$dLisboa$3UONL003135 676 $a869$cLetteratura portoghese$v21 700 1$aCORTESÃO$bJaime$3UONV118991$0679841 712 $aPortugália$3UONV268348$4650 801 $aIT$bSOL$c20240220$gRICA 899 $aSIBA - SISTEMA BIBLIOTECARIO DI ATENEO$2UONSI 912 $aUON00253151 950 $aSIBA - SISTEMA BIBLIOTECARIO DI ATENEO$dSI Port O.C COR 13 $eSI PRV17469 5 13 996 $aCarta de Pero Vaz de Caminha$91234546 997 $aUNIOR